|
|
|
|
| LEADER |
00000nab a2200000 a 4500 |
| 001 |
vtls000661367 |
| 003 |
SK-MaSNL |
| 005 |
20260304020121.0 |
| 008 |
140414c1998 xo 0 slo |
| 015 |
|
|
|a SNBRB1998/05-13079
|
| 035 |
|
|
|a CLN000013557
|
| 040 |
|
|
|a SNKBUCL
|b slo
|c SNKBUCL
|e AACR2
|
| 041 |
0 |
|
|a slo
|
| 044 |
|
|
|a xo
|c SK
|
| 080 |
|
|
|a 611.411
|2 1997
|
| 245 |
0 |
0 |
|a Neurálne štruktúry pozitívne na NADRH-diaforázu v slezine bažanta
|c K. Schmidtová ... [et al.]
|
| 300 |
|
|
|b Obr.
|
| 504 |
|
|
|a Res. angl., slov. Bibliogr. odkazy
|
| 650 |
0 |
7 |
|a slezina
|2 SNKPH
|9 14356
|
| 650 |
0 |
7 |
|a NADRH-diaforáza
|2 SNK
|9 1297565
|
| 655 |
|
7 |
|a články z novín a časopisov
|2 SNK
|9 267496
|
| 700 |
1 |
|
|a Schmidtová, Katarína,
|d 1943-
|4 aut
|9 230999
|
| 700 |
1 |
|
|a Kluchová, Darina,
|d 1949-
|4 aut
|9 192925
|
| 700 |
1 |
|
|a Rybárová, Silvia,
|d 1959-
|4 aut
|9 192929
|
| 700 |
1 |
|
|a Miklošová, M.
|4 aut
|9 775970
|
| 773 |
0 |
|
|t Bratislavské lekárske listy
|g Roč. 99, č. 5 (1998), s. 262-266
|x 0006-9248
|
| 850 |
|
|
|a Slovenská národná knižnica v Martine
|
| 852 |
|
|
|a SNK
|b KIS3GCP
|
| 958 |
|
|
|a NB
|
| 992 |
|
|
|a RBX
|
| 999 |
|
|
|c 2596590
|d 2598520
|